Introducción a Foucault

Furkejuvvon:
Bibliográfalaš dieđut
Váldodahkki: Castro, Edgardo (Dahkki)
Materiálatiipa: Girji
Giella:espánnjágiella
Almmustuhtton: Buenos Aires Siglo Veintiuno Editores Argentina S. A 2014
Preanttus:1a. ed
Fáttát:
Fáddágilkorat: Lasit fáddágilkoriid
Eai fáddágilkorat, Lasit vuosttaš fáddágilkora!

MARC

LEADER 00000cam a2200000 a 4500
001 UCE3727
003 CL-VaPUC
008 140925e20140000ag |||||||||||||||||spa|d
020 |a 9789876293785 
082 0 4 |a 190  |b CAS  |2 21 
100 0 |a Castro, Edgardo  |e author  |9 576214 
245 1 0 |a Introducción a Foucault 
250 |a 1a. ed 
300 |a 160 p 
942 |c BK 
945 |d 20140925 17:45:00  |a dcastane 
260 |a Buenos Aires  |b Siglo Veintiuno Editores Argentina S. A  |c 2014 
650 0 |a Filosofía moderna  |9 258121 
650 0 |a Filosofía contemporánea  |9 265372 
583 |a last modification  |c 20140925 17:45:00  |k Rodrigo Vera 
999 |c 356890  |d 356888 
952 |0 0  |1 0  |3 erb  |4 0  |6 190_000000000000000_CAS_2014  |7 0  |8 R  |9 464656  |a BIBEDU  |b BIBEDU  |c MCIRC  |i 5115639  |l 2  |o 190 CAS 2014  |p 5115639  |r 2024-09-26  |s 2024-09-23  |w 2019-11-23  |y BK_R  |z Catalogado en:20140925  |k LIT